| 000 | 00982nam a2200277 a 4500 | ||
|---|---|---|---|
| 001 | 000087299 | ||
| 005 | 20200120224943.0 | ||
| 008 | 190816s2017 ck a dr| |0| | spa d | ||
| 020 | _a9789587850307 | ||
| 041 |
_awayuunaiki _hspa |
||
| 043 | _as-ck--- | ||
| 090 |
_aC _bPELW |
||
| 100 | _aPeláez Wouliyuu, Aminta | ||
| 245 | 1 | 0 |
_aJintulu wayuu : _bGuajirita / _cAminta Peláez Wouliyuu. |
| 246 | 2 | _aGuajirita | |
| 250 | _a2a. ed. | ||
| 260 |
_aBogotá : _bMineducación : _bMincultura,. |
||
| 300 |
_a[70] páginas. : _bilusraciones en color. |
||
| 490 | 0 |
_aRío de letras. Territorios narrados PNLE "Leer es mi cuento" ; _v4 |
|
| 490 | 0 | _aLeer es mi cuento. Plan Nacional de Lectura y Escritura | |
| 546 | _aTexto en wayuunaiki (lengua indígena) y español | ||
| 650 | 1 | 4 | _aLiteratura indígena colombiana |
| 650 | 2 | 4 |
_aCuentos indígenas colombianos _YSiglo XXI |
| 650 | 2 | 4 |
_aWayuu _xVida social y costumbres _vLiteratura juvenil |
| 650 | 2 | 4 | _aAnimales en la literatura |
| 999 |
_c11881 _d11881 |
||